عرض عادي
عرض مارك
- الخالدي، عصام
مدخل إسم شخص
001 - رقم الضبط
- حقل الضبط: 91652
003 - معرف رقم الضبط
- حقل الضبط: OSt
005 - تاريخ ووقت أخر عملية
- حقل الضبط: 20220620104818.0
008 - عناصر بيانات ثابتة الطول
- حقل تحكم ثابت الطول: 220620|| aca||aabn | a|a d
040 ## - مصدر الفهرسة
- هيئة الفهرسة الأصلية: OSt
- وكالة الكتابة: OSt
100 ## - مدخل -- أسم شخص
- إسم شخص: الخالدي، عصام
670 ## - بيانات المصدر موجوده
- الاستشهاد بالمصدر: Work cat.: (OSt): الخالدي، عصام, هندسة الوقت :, 2016
